Ṣanam o ḥaram / (Record no. 58901)

MARC details
000 -LEADER
fixed length control field 00529cam a22001934a 4500
001 - CONTROL NUMBER
control field sa 64005040
003 - CONTROL NUMBER IDENTIFIER
control field DLC
005 - DATE AND TIME OF LATEST TRANSACTION
control field 20260227112029.0
008 - FIXED-LENGTH DATA ELEMENTS--GENERAL INFORMATION
fixed length control field 950627s1962 ii 000 0 urdo
010 ## - LIBRARY OF CONGRESS CONTROL NUMBER
LC control number sa 64005040
040 ## - CATALOGING SOURCE
Original cataloging agency DLC
Transcribing agency DLC
050 00 - LIBRARY OF CONGRESS CALL NUMBER
Classification number PK2200.S43191655
Item number S525 1962
100 0# - MAIN ENTRY--PERSONAL NAME
Personal name Shakīl Badāyūnī,
Dates associated with a name 1916-1970.
245 10 - TITLE STATEMENT
Title Ṣanam o ḥaram /
Statement of responsibility, etc. Shakīl Badāyūnī.
260 ## - PUBLICATION, DISTRIBUTION, ETC.
Place of publication, distribution, etc. Lāhaur :
Name of publisher, distributor, etc. At̤har Pablishing Hāʼūs,
Date of publication, distribution, etc. [1962?]
300 ## - PHYSICAL DESCRIPTION
Extent 159 p. ;
Dimensions 19 cm.
500 ## - GENERAL NOTE
General note Poems.
546 ## - LANGUAGE NOTE
Language note In Urdu.

No items available.

Powered by Koha